State sovereignty : concept, phenomenon and ramifications (Record no. 394710)

MARC details
000 -LEADER
fixed length control field 00705nam a2200229Ia 4500
008 - FIXED-LENGTH DATA ELEMENTS--GENERAL INFORMATION
fixed length control field 191130s2005##################000#0#eng##
020 ## - INTERNATIONAL STANDARD BOOK NUMBER
ISBN 1403969884
082 ## - DEWEY DECIMAL CLASSIFICATION NUMBER
Classification number JC327 .K9 2005 320.1/5
100 ## - MAIN ENTRY--AUTHOR NAME
Personal name Kurtulus, Ersun N
245 ## - TITLE STATEMENT
Title State sovereignty : concept, phenomenon and ramifications
Statement of responsibility, etc Ersun N. Kurtulus
250 ## - EDITION STATEMENT
Edition statement 1st ed
260 ## - PUBLICATION, DISTRIBUTION, ETC. (IMPRINT)
Place of publication Basingstoke, Hampshire
Name of publisher Palgrave Macmillan
Year of publication 2005
300 ## - PHYSICAL DESCRIPTION
Number of Pages viii, 232 p. ; 22 cm
500 ## - GENERAL NOTE
General note Includes bibliographical references (p. [195]-227) and index
650 ## - SUBJECT ADDED ENTRY--TOPICAL TERM
Topical Term Sovereignty
Topical Term State, The
991 ## -
-- 180450

No items available.

Find us on the map